[Event "World Chess Olympiad 2018"]
[Site "Batumi"]
[Date "2018.09.30"]
[Round "6"]
[Board "4"]
[WhiteFideId "13003100"]
[White "Win Tun"]
[BlackFideId "6500072"]
[Black "Chinchilla Miranda Eugenio"]
[Result "1/2-1/2"]
[LiveChessVersion "1.4.8"]
[BlackElo "2206"]
[WhiteElo "2235"]

1. Nf3 {[%clk 1:30:55]} Nf6 {[%clk 1:30:51]} 2. g3 {[%clk 1:31:22]} d5
{[%clk 1:30:54]} 3. Bg2 {[%clk 1:31:49]} g6 {[%clk 1:31:10]} 4. O-O
{[%clk 1:32:09]} Bg7 {[%clk 1:31:23]} 5. d4 {[%clk 1:32:26]} O-O {[%clk 1:31:37]}
6. c4 {[%clk 1:32:34]} c6 {[%clk 1:31:56]} 7. b3 {[%clk 1:31:36]} dxc4
{[%clk 1:25:53]} 8. bxc4 {[%clk 1:31:24]} c5 {[%clk 1:26:11]} 9. Bb2
{[%clk 1:19:15]} Qb6 {[%clk 1:23:55]} 10. Qb3 {[%clk 1:17:55]} Nc6
{[%clk 1:22:33]} 11. d5 {[%clk 1:08:35]} Na5 {[%clk 1:18:10]} 12. Qxb6
{[%clk 1:06:25]} axb6 {[%clk 1:17:26]} 13. Nfd2 {[%clk 1:06:20]} Rd8
{[%clk 0:56:24]} 14. e4 {[%clk 0:54:02]} Nxe4 {[%clk 0:52:29]} 15. Bxg7
{[%clk 0:51:36]} Nxd2 {[%clk 0:50:48]} 16. Nxd2 {[%clk 0:51:06]} Kxg7
{[%clk 0:51:05]} 17. Rab1 {[%clk 0:50:57]} Ra6 {[%clk 0:49:25]} 18. Rfe1
{[%clk 0:50:37]} e6 {[%clk 0:46:15]} 19. Rbc1 {[%clk 0:33:48]} h5
{[%clk 0:41:39]} 20. f4 {[%clk 0:33:40]} exd5 {[%clk 0:32:24]} 21. cxd5
{[%clk 0:33:06]} Kf8 {[%clk 0:31:21]} 22. Re5 {[%clk 0:30:58]} Bf5
{[%clk 0:25:26]} 23. Ne4 {[%clk 0:26:49]} Bxe4 {[%clk 0:20:35]} 24. Bxe4
{[%clk 0:27:15]} Raa8 {[%clk 0:18:02]} 25. Kf2 {[%clk 0:21:41]} Rac8
{[%clk 0:14:58]} 26. f5 {[%clk 0:21:24]} Re8 {[%clk 0:15:01]} 27. Rxe8+
{[%clk 0:21:36]} Rxe8 {[%clk 0:15:27]} 28. Kf3 {[%clk 0:22:02]} gxf5
{[%clk 0:15:29]} 29. Bc2 {[%clk 0:19:49]} Nc4 {[%clk 0:11:05]} 30. Bxf5
{[%clk 0:16:37]} Nd6 {[%clk 0:11:20]} 31. Bc2 {[%clk 0:15:40]} Re5
{[%clk 0:10:44]} 32. Rd1 {[%clk 0:15:37]} b5 {[%clk 0:09:53]} 33. h4
{[%clk 0:15:24]} Ke7 {[%clk 0:05:11]} 34. Rd2 {[%clk 0:09:51]} Nc4
{[%clk 0:03:37]} 35. Re2 {[%clk 0:09:43]} Rxe2 {[%clk 0:03:41]} 36. Kxe2
{[%clk 0:10:08]} Kf6 {[%clk 0:02:15]} 37. Bd3 {[%clk 0:08:58]} Nd6
{[%clk 0:02:22]} 38. Ke3 {[%clk 0:07:30]} Ke5 {[%clk 0:02:02]} 39. Be2
{[%clk 0:06:54]} Nf5+ {[%clk 0:02:04]} 40. Kf2 {[%clk 0:37:10]} Ng7
{[%clk 0:31:05]} 41. Bxb5 {[%clk 0:37:01]} Kxd5 {[%clk 0:24:45]} 42. Ke3
{[%clk 0:36:54]} Ke5 {[%clk 0:23:30]} 43. Be2 {[%clk 0:36:30]} b6
{[%clk 0:14:31]} 44. a4 {[%clk 0:33:16]} f6 {[%clk 0:12:25]} 45. Kd3
{[%clk 0:23:34]} Nf5 {[%clk 0:06:16]} 46. Bxh5 {[%clk 0:22:14]} Nxg3
{[%clk 0:06:42]} 47. Bd1 {[%clk 0:21:49]} Ne4 {[%clk 0:03:46]} 48. h5
{[%clk 0:21:24]} f5 {[%clk 0:03:09]} 49. Kc4 {[%clk 0:19:11]} f4 {[%clk 0:02:19]}
50. Kb5 {[%clk 0:12:40]} Nc3+ {[%clk 0:01:37]} 51. Kxb6 {[%clk 0:13:08]} Nxd1
{[%clk 0:01:57]} 52. h6 {[%clk 0:13:22]} Kf6 {[%clk 0:01:59]} 53. h7
{[%clk 0:13:49]} Kg7 {[%clk 0:02:20]} 54. a5 {[%clk 0:14:07]} f3 {[%clk 0:01:13]}
55. a6 {[%clk 0:14:30]} f2 {[%clk 0:01:29]} 56. a7 {[%clk 0:14:43]} f1=Q
{[%clk 0:01:42]} 57. a8=Q {[%clk 0:12:37]} 1/2-1/2

[Event "World Chess Olympiad 2018"]
[Site "Batumi"]
[Date "2018.09.30"]
[Round "6"]
[Board "1"]
[WhiteFideId "5702488"]
[White "Lim Zhuo Ren"]
[BlackFideId "4900847"]
[Black "Batchuluun Tsegmed"]
[Result "1/2-1/2"]
[LiveChessVersion "1.4.8"]
[BlackElo "2570"]
[WhiteElo "2182"]

1. Nf3 {[%clk 1:30:50]} d5 {[%clk 1:30:22]} 2. d4 {[%clk 1:30:51]} Nf6
{[%clk 1:30:33]} 3. c4 {[%clk 1:30:56]} c6 {[%clk 1:30:17]} 4. e3
{[%clk 1:30:32]} Bf5 {[%clk 1:29:40]} 5. Nc3 {[%clk 1:29:22]} e6 {[%clk 1:30:00]}
6. Bd3 {[%clk 1:27:53]} Bxd3 {[%clk 1:29:09]} 7. Qxd3 {[%clk 1:28:17]} Bb4
{[%clk 1:24:35]} 8. O-O {[%clk 1:27:19]} O-O {[%clk 1:24:44]} 9. Bd2
{[%clk 1:25:29]} Bxc3 {[%clk 1:20:43]} 10. Bxc3 {[%clk 1:24:32]} Nbd7
{[%clk 1:21:07]} 11. Nd2 {[%clk 1:20:45]} a6 {[%clk 1:18:00]} 12. e4
{[%clk 1:16:31]} dxe4 {[%clk 1:16:04]} 13. Nxe4 {[%clk 1:16:49]} Nxe4
{[%clk 1:15:11]} 14. Qxe4 {[%clk 1:17:13]} Nf6 {[%clk 1:14:14]} 15. Qf3
{[%clk 1:16:26]} Qd6 {[%clk 1:12:28]} 16. Rad1 {[%clk 1:13:00]} Rfd8
{[%clk 1:12:35]} 17. Bd2 {[%clk 1:06:15]} Ne8 {[%clk 1:05:42]} 18. Rfe1
{[%clk 0:58:51]} Rd7 {[%clk 1:03:49]} 19. a3 {[%clk 0:56:09]} Qc7
{[%clk 1:00:18]} 20. Bc3 {[%clk 0:54:25]} Qd8 {[%clk 0:57:30]} 21. b3
{[%clk 0:44:26]} Rc8 {[%clk 0:57:41]} 22. Rd2 {[%clk 0:39:17]} b5
{[%clk 0:54:09]} 23. Red1 {[%clk 0:38:57]} Qg5 {[%clk 0:32:04]} 24. Bb4
{[%clk 0:34:28]} Nf6 {[%clk 0:30:13]} 25. h3 {[%clk 0:33:25]} h6 {[%clk 0:30:33]}
26. Rd3 {[%clk 0:32:57]} Qh5 {[%clk 0:26:34]} 27. Qe3 {[%clk 0:30:15]} Qf5
{[%clk 0:26:25]} 28. f3 {[%clk 0:28:44]} Rcd8 {[%clk 0:23:43]} 29. g4
{[%clk 0:28:00]} Qg6 {[%clk 0:23:33]} 30. Ba5 {[%clk 0:26:29]} Rc8
{[%clk 0:23:44]} 31. Bb4 {[%clk 0:26:41]} Ne8 {[%clk 0:20:16]} 32. Qe5
{[%clk 0:22:50]} Qg5 {[%clk 0:18:45]} 33. f4 {[%clk 0:22:08]} Qf6
{[%clk 0:17:15]} 34. Kf2 {[%clk 0:18:34]} Rcd8 {[%clk 0:17:09]} 35. Ke2
{[%clk 0:16:26]} Qg6 {[%clk 0:17:12]} 36. Ba5 {[%clk 0:15:06]} Rc8
{[%clk 0:17:37]} 37. Bb4 {[%clk 0:15:33]} Rcd8 {[%clk 0:10:51]} 38. Ba5
{[%clk 0:15:55]} Rc8 {[%clk 0:10:59]} 39. Bb4 {[%clk 0:16:00]} Qf6
{[%clk 0:10:30]} 40. R3d2 {[%clk 0:41:39]} Qd8 {[%clk 0:36:38]} 41. Kf1
{[%clk 0:33:57]} bxc4 {[%clk 0:31:29]} 42. bxc4 {[%clk 0:34:23]} Nd6
{[%clk 0:31:48]} 43. Bxd6 {[%clk 0:32:20]} Rxd6 {[%clk 0:32:17]} 44. Rb1
{[%clk 0:32:15]} Rd7 {[%clk 0:23:23]} 45. Rd3 {[%clk 0:29:47]} Rd6
{[%clk 0:16:42]} 46. Rb7 {[%clk 0:27:26]} Rd7 {[%clk 0:14:46]} 47. Rb2
{[%clk 0:27:44]} Kh8 {[%clk 0:11:21]} 48. Rb1 {[%clk 0:26:48]} Kh7
{[%clk 0:09:48]} 49. Rb2 {[%clk 0:26:26]} Kg8 {[%clk 0:09:20]} 50. Rb1
{[%clk 0:26:47]} Rd6 {[%clk 0:07:55]} 51. Rb7 {[%clk 0:26:37]} Rb8
{[%clk 0:07:32]} 52. Rdb3 {[%clk 0:25:45]} Rxb7 {[%clk 0:07:59]} 53. Rxb7
{[%clk 0:26:09]} f6 {[%clk 0:08:24]} 54. Qh5 {[%clk 0:25:16]} Rd7
{[%clk 0:07:40]} 55. Rxd7 {[%clk 0:25:28]} Qxd7 {[%clk 0:08:09]} 56. Qc5
{[%clk 0:25:50]} Qc7 {[%clk 0:07:27]} 57. Kg2 {[%clk 0:22:38]} Qxf4
{[%clk 0:05:57]} 58. Qxc6 {[%clk 0:23:02]} Qd2+ {[%clk 0:06:22]} 59. Kf1
{[%clk 0:22:37]} Qd3+ {[%clk 0:06:37]} 60. Kg2 {[%clk 0:22:54]} Qe2+
{[%clk 0:06:36]} 61. Kg1 {[%clk 0:23:11]} Kh7 {[%clk 0:05:29]} 62. d5
{[%clk 0:22:25]} Qe3+ {[%clk 0:05:33]} 63. Kg2 {[%clk 0:22:43]} Qe4+
{[%clk 0:04:42]} 64. Kf2 {[%clk 0:22:42]} e5 {[%clk 0:02:44]} 65. Qc8
{[%clk 0:22:49]} Qc2+ {[%clk 0:03:01]} 66. Kf1 {[%clk 0:21:37]} Qd3+
{[%clk 0:03:18]} 67. Kg2 {[%clk 0:21:58]} Qe2+ {[%clk 0:03:02]} 68. Kg3
{[%clk 0:22:12]} Qe3+ {[%clk 0:02:43]} 69. Kg2 {[%clk 0:22:37]} Qe2+
{[%clk 0:01:40]} 70. Kg3 {[%clk 0:23:03]} Qe3+ {[%clk 0:01:50]} 1/2-1/2

[Event "World Chess Olympiad 2018"]
[Site "Batumi"]
[Date "2018.09.30"]
[Round "6"]
[Board "2"]
[WhiteFideId "4901541"]
[White "Bilguun Sumiya"]
[BlackFideId "5712181"]
[Black "Lye Lik Zang"]
[Result "1-0"]
[LiveChessVersion "1.4.8"]
[BlackElo "2351"]
[WhiteElo "2489"]

1. e4 {[%clk 1:30:54]} c5 {[%clk 1:30:55]} 2. Nf3 {[%clk 1:31:19]} d6
{[%clk 1:31:21]} 3. d4 {[%clk 1:31:41]} Nf6 {[%clk 1:31:47]} 4. Nc3
{[%clk 1:32:02]} cxd4 {[%clk 1:32:14]} 5. Nxd4 {[%clk 1:32:24]} Nc6
{[%clk 1:32:41]} 6. Bg5 {[%clk 1:32:30]} Bd7 {[%clk 1:33:07]} 7. Qd2
{[%clk 1:32:32]} Rc8 {[%clk 1:33:19]} 8. O-O-O {[%clk 1:30:57]} Nxd4
{[%clk 1:33:16]} 9. Qxd4 {[%clk 1:31:00]} Qa5 {[%clk 1:33:31]} 10. Bd2
{[%clk 1:29:41]} a6 {[%clk 1:25:42]} 11. Kb1 {[%clk 1:29:25]} e5 {[%clk 1:22:34]}
12. Qd3 {[%clk 1:27:49]} Be6 {[%clk 1:06:20]} 13. a3 {[%clk 0:57:20]} Ng4
{[%clk 0:49:43]} 14. Qe2 {[%clk 0:53:11]} Qb6 {[%clk 0:31:38]} 15. h3
{[%clk 0:42:23]} Nf6 {[%clk 0:26:23]} 16. g4 {[%clk 0:36:46]} Be7
{[%clk 0:10:57]} 17. g5 {[%clk 0:29:39]} Nd7 {[%clk 0:10:56]} 18. h4
{[%clk 0:24:46]} Qc6 {[%clk 0:08:38]} 19. Be3 {[%clk 0:21:24]} Nb6
{[%clk 0:06:55]} 20. Bxb6 {[%clk 0:20:13]} Qxb6 {[%clk 0:07:17]} 21. Nd5
{[%clk 0:14:36]} Bxd5 {[%clk 0:07:32]} 22. Rxd5 {[%clk 0:13:29]} Rc5
{[%clk 0:06:40]} 23. Rd3 {[%clk 0:13:25]} O-O {[%clk 0:05:24]} 24. Bh3
{[%clk 0:13:40]} Rb5 {[%clk 0:04:57]} 25. b4 {[%clk 0:07:36]} Qc6
{[%clk 0:03:21]} 26. c4 {[%clk 0:07:39]} Rb6 {[%clk 0:03:32]} 27. Rg3
{[%clk 0:07:55]} Qa4 {[%clk 0:02:09]} 28. Rc1 {[%clk 0:05:03]} d5
{[%clk 0:00:43]} 29. c5 {[%clk 0:05:13]} Bxc5 {[%clk 0:00:54]} 30. Rxc5
{[%clk 0:04:56]} Rxb4+ {[%clk 0:01:14]} 31. Ka2 {[%clk 0:04:20]} Rxe4
{[%clk 0:01:12]} 32. Qc2 {[%clk 0:04:27]} Qxc2+ {[%clk 0:00:40]} 33. Rxc2
{[%clk 0:04:56]} Rxh4 {[%clk 0:01:09]} 34. Bc8 {[%clk 0:05:12]} b6
{[%clk 0:00:51]} 35. Bxa6 {[%clk 0:05:27]} e4 {[%clk 0:00:43]} 36. Bb7
{[%clk 0:02:48]} d4 {[%clk 0:01:05]} 37. Re2 {[%clk 0:02:59]} Re8
{[%clk 0:01:10]} 38. Rd3 {[%clk 0:03:14]} Rg4 {[%clk 0:00:37]} 39. Rxd4
{[%clk 0:03:25]} Rxg5 {[%clk 0:01:00]} 40. Rexe4 {[%clk 0:33:21]} Rb8
{[%clk 0:31:07]} 41. Bd5 {[%clk 0:33:28]} g6 {[%clk 0:27:45]} 42. Rf4
{[%clk 0:33:09]} Rf8 {[%clk 0:28:11]} 43. Bc4 {[%clk 0:31:35]} Kg7
{[%clk 0:26:33]} 44. Rd7 {[%clk 0:31:45]} Rf5 {[%clk 0:26:56]} 45. Rxf5
{[%clk 0:32:03]} gxf5 {[%clk 0:27:23]} 46. Rd5 {[%clk 0:31:47]} h5
{[%clk 0:26:00]} 47. Rxf5 {[%clk 0:32:03]} h4 {[%clk 0:25:30]} 48. Rg5+
{[%clk 0:29:55]} Kf6 {[%clk 0:25:11]} 49. Rh5 {[%clk 0:30:20]} Rd8
{[%clk 0:25:15]} 50. Rxh4 {[%clk 0:30:21]} Rd2+ {[%clk 0:25:36]} 51. Kb3
{[%clk 0:30:38]} Rxf2 {[%clk 0:25:38]} 52. Rh1 {[%clk 0:30:31]} Ke5
{[%clk 0:23:11]} 53. Rf1 {[%clk 0:30:44]} Rh2 {[%clk 0:23:25]} 54. Bxf7
{[%clk 0:30:57]} Kd6 {[%clk 0:22:56]} 55. Rc1 {[%clk 0:31:10]} Kd7
{[%clk 0:22:49]} 56. Rc3 {[%clk 0:31:02]} Rh4 {[%clk 0:22:48]} 57. Bg6
{[%clk 0:30:50]} Rf4 {[%clk 0:22:05]} 58. Bd3 {[%clk 0:31:15]} Kd6
{[%clk 0:22:02]} 59. a4 {[%clk 0:31:36]} Rh4 {[%clk 0:22:03]} 60. Bb5
{[%clk 0:31:34]} Kd5 {[%clk 0:22:26]} 61. Bc6+ {[%clk 0:31:33]} Kd6
{[%clk 0:22:17]} 62. Bg2 {[%clk 0:30:44]} Kd7 {[%clk 0:19:11]} 63. Rh3
{[%clk 0:31:02]} Rg4 {[%clk 0:17:55]} 64. Rh7+ {[%clk 0:31:25]} Kd6
{[%clk 0:17:41]} 65. Rh6+ {[%clk 0:31:35]} Ke5 {[%clk 0:17:48]} 66. Bc6
{[%clk 0:30:32]} Rg1 {[%clk 0:12:23]} 67. Bb5 {[%clk 0:30:54]} Kd4
{[%clk 0:11:52]} 68. Rxb6 {[%clk 0:31:10]} Rb1+ {[%clk 0:12:19]} 69. Kc2
{[%clk 0:31:28]} Ra1 {[%clk 0:12:12]} 70. Kb2 {[%clk 0:31:45]} Rh1
{[%clk 0:12:34]} 71. Rc6 {[%clk 0:32:08]} Rh2+ {[%clk 0:12:53]} 72. Rc2
{[%clk 0:32:25]} Rh5 {[%clk 0:13:16]} 73. Kb3 {[%clk 0:32:40]} Rh1
{[%clk 0:13:41]} 74. Rc4+ {[%clk 0:33:01]} Ke5 {[%clk 0:13:53]} 75. Kb4
{[%clk 0:33:18]} Kd6 {[%clk 0:14:16]} 76. Rd4+ {[%clk 0:33:15]} Kc7
{[%clk 0:14:42]} 77. Rd7+ {[%clk 0:33:41]} Kc8 {[%clk 0:15:03]} 78. Rg7
{[%clk 0:34:06]} Kb8 {[%clk 0:15:26]} 79. Kc5 {[%clk 0:34:07]} Rc1+
{[%clk 0:14:58]} 80. Kb6 {[%clk 0:34:26]} Rc8 {[%clk 0:15:25]} 81. Re7
{[%clk 0:34:40]} Ka8 {[%clk 0:15:21]} 82. Re8 {[%clk 0:35:00]} 1-0

[Event "World Chess Olympiad 2018"]
[Site "Batumi"]
[Date "2018.09.30"]
[Round "6"]
[Board "3"]
[WhiteFideId "5704154"]
[White "Zulkipli Zaidan"]
[BlackFideId "4900880"]
[Black "Battulga Namkhai"]
[Result "0-1"]
[LiveChessVersion "1.4.8"]
[BlackElo "2421"]
[WhiteElo "2203"]

1. d4 {[%clk 1:30:57]} d5 {[%clk 1:30:58]} 2. c4 {[%clk 1:31:04]} c6
{[%clk 1:31:26]} 3. Nf3 {[%clk 1:31:10]} dxc4 {[%clk 1:31:43]} 4. e3
{[%clk 1:31:12]} Be6 {[%clk 1:30:23]} 5. Be2 {[%clk 1:24:52]} Nf6
{[%clk 1:30:30]} 6. O-O {[%clk 1:25:08]} Nbd7 {[%clk 1:27:26]} 7. a4
{[%clk 1:24:37]} a5 {[%clk 1:27:49]} 8. Na3 {[%clk 1:24:52]} Nb6 {[%clk 1:27:53]}
9. Ne5 {[%clk 1:24:54]} h6 {[%clk 1:26:42]} 10. Naxc4 {[%clk 1:24:02]} Bxc4
{[%clk 1:27:01]} 11. Nxc4 {[%clk 1:24:03]} e6 {[%clk 1:27:13]} 12. Bd2
{[%clk 1:22:53]} Nbd5 {[%clk 1:25:26]} 13. Qb3 {[%clk 1:20:49]} Bb4
{[%clk 1:25:42]} 14. Bxb4 {[%clk 1:18:56]} Nxb4 {[%clk 1:26:10]} 15. Bf3
{[%clk 1:19:04]} O-O {[%clk 1:26:29]} 16. Rfd1 {[%clk 1:19:06]} Nd7
{[%clk 1:26:45]} 17. e4 {[%clk 1:18:10]} Qe7 {[%clk 1:27:05]} 18. Qc3
{[%clk 1:13:33]} Rfc8 {[%clk 1:25:08]} 19. Qd2 {[%clk 1:08:45]} e5
{[%clk 1:24:54]} 20. Bg4 {[%clk 1:08:21]} exd4 {[%clk 1:23:52]} 21. Bxd7
{[%clk 1:01:46]} Qxd7 {[%clk 1:11:53]} 22. Nb6 {[%clk 1:01:59]} Qe7
{[%clk 1:11:53]} 23. Rac1 {[%clk 0:59:23]} d3 {[%clk 1:03:44]} 24. Qf4
{[%clk 0:49:50]} Rd8 {[%clk 1:03:19]} 25. Nxa8 {[%clk 0:50:14]} Rxa8
{[%clk 1:03:44]} 26. Rc3 {[%clk 0:46:05]} Re8 {[%clk 1:00:58]} 27. f3
{[%clk 0:43:25]} Rd8 {[%clk 1:01:18]} 28. h3 {[%clk 0:33:05]} Rd6
{[%clk 0:51:17]} 29. Rc5 {[%clk 0:29:49]} b6 {[%clk 0:51:41]} 30. Re5
{[%clk 0:30:10]} Qd7 {[%clk 0:47:39]} 31. Re8+ {[%clk 0:28:51]} Kh7
{[%clk 0:48:07]} 32. Qf5+ {[%clk 0:29:19]} Qxf5 {[%clk 0:48:36]} 33. exf5
{[%clk 0:29:48]} Rd4 {[%clk 0:48:25]} 34. Re7 {[%clk 0:27:29]} f6
{[%clk 0:46:19]} 35. Re3 {[%clk 0:19:07]} Rc4 {[%clk 0:45:29]} 36. Rd2
{[%clk 0:16:37]} Rc1+ {[%clk 0:43:17]} 37. Kh2 {[%clk 0:16:50]} c5
{[%clk 0:38:37]} 38. Rexd3 {[%clk 0:13:47]} Nxd3 {[%clk 0:39:05]} 39. Rxd3
{[%clk 0:14:16]} Rc4 {[%clk 0:39:12]} 40. b3 {[%clk 0:40:37]} Rb4
{[%clk 1:09:40]} 41. g4 {[%clk 0:38:35]} Kg8 {[%clk 1:09:53]} 42. Kg3
{[%clk 0:38:56]} Kf8 {[%clk 1:10:19]} 43. Re3 {[%clk 0:39:04]} c4
{[%clk 1:10:33]} 44. bxc4 {[%clk 0:39:22]} Rxa4 {[%clk 1:10:47]} 45. Re6
{[%clk 0:29:45]} Rb4 {[%clk 1:11:11]} 46. Rc6 {[%clk 0:26:28]} a4
{[%clk 1:11:36]} 47. c5 {[%clk 0:26:56]} b5 {[%clk 1:11:55]} 48. Ra6
{[%clk 0:26:28]} Rc4 {[%clk 1:11:33]} 49. Kh4 {[%clk 0:23:47]} Rc3
{[%clk 0:54:10]} 50. Kh5 {[%clk 0:20:28]} a3 {[%clk 0:49:55]} 51. Kg6
{[%clk 0:20:06]} b4 {[%clk 0:50:24]} 52. c6 {[%clk 0:16:37]} Rc2 {[%clk 0:48:52]}
53. Ra8+ {[%clk 0:06:37]} Ke7 {[%clk 0:49:20]} 54. Kxg7 {[%clk 0:06:56]} Rxc6
{[%clk 0:43:46]} 55. f4 {[%clk 0:06:12]} Rc7 {[%clk 0:33:35]} 56. h4
{[%clk 0:03:27]} Rb7 {[%clk 0:33:13]} 57. g5 {[%clk 0:02:49]} hxg5
{[%clk 0:31:34]} 58. fxg5 {[%clk 0:02:47]} fxg5 {[%clk 0:30:09]} 59. hxg5
{[%clk 0:03:05]} b3 {[%clk 0:30:35]} 60. Kg6 {[%clk 0:00:34]} b2 {[%clk 0:30:56]}
61. f6+ {[%clk 0:00:50]} Ke6 {[%clk 0:31:03]} 62. Re8+ {[%clk 0:01:10]} Kd6
{[%clk 0:31:25]} 63. Re1 {[%clk 0:00:31]} 0-1

[Event "World Chess Olympiad 2018"]
[Site "Batumi"]
[Date "2018.09.30"]
[Round "6"]
[Board "4"]
[WhiteFideId "4900774"]
[White "Nasanjargal Urtnasan"]
[BlackFideId "5702640"]
[Black "Fong Yit San"]
[Result "1/2-1/2"]
[LiveChessVersion "1.4.8"]
[BlackElo "2108"]
[WhiteElo "2470"]

1. d4 {[%clk 1:30:56]} Nf6 {[%clk 1:30:45]} 2. c4 {[%clk 1:31:16]} g6
{[%clk 1:30:42]} 3. Nc3 {[%clk 1:31:00]} d5 {[%clk 1:30:07]} 4. cxd5
{[%clk 1:31:08]} Nxd5 {[%clk 1:30:29]} 5. e4 {[%clk 1:31:28]} Nxc3
{[%clk 1:30:51]} 6. bxc3 {[%clk 1:31:51]} Bg7 {[%clk 1:31:07]} 7. Bc4
{[%clk 1:32:11]} c5 {[%clk 1:30:29]} 8. Ne2 {[%clk 1:32:28]} Nc6 {[%clk 1:30:03]}
9. Be3 {[%clk 1:32:51]} O-O {[%clk 1:30:08]} 10. O-O {[%clk 1:33:12]} Bg4
{[%clk 1:27:24]} 11. f3 {[%clk 1:33:10]} Bd7 {[%clk 1:27:47]} 12. Rc1
{[%clk 1:30:49]} Rc8 {[%clk 1:23:38]} 13. Qd2 {[%clk 1:29:17]} Na5
{[%clk 1:22:01]} 14. Bd3 {[%clk 1:29:17]} b6 {[%clk 1:15:56]} 15. Bh6
{[%clk 1:29:02]} e6 {[%clk 1:13:16]} 16. Qf4 {[%clk 1:14:52]} Qe7
{[%clk 1:07:12]} 17. h4 {[%clk 1:10:03]} cxd4 {[%clk 1:01:18]} 18. Bxg7
{[%clk 1:06:45]} Kxg7 {[%clk 1:01:39]} 19. cxd4 {[%clk 1:07:07]} Nc6
{[%clk 0:53:25]} 20. Ba6 {[%clk 1:03:11]} Rcd8 {[%clk 0:48:24]} 21. d5
{[%clk 0:43:56]} exd5 {[%clk 0:40:48]} 22. exd5 {[%clk 0:44:10]} Nb8
{[%clk 0:37:40]} 23. Bc4 {[%clk 0:42:59]} Qf6 {[%clk 0:25:33]} 24. Qxf6+
{[%clk 0:38:20]} Kxf6 {[%clk 0:25:57]} 25. Nc3 {[%clk 0:38:37]} Kg7
{[%clk 0:24:31]} 26. Rfd1 {[%clk 0:35:32]} Rc8 {[%clk 0:19:47]} 27. Be2
{[%clk 0:30:34]} Rc5 {[%clk 0:18:03]} 28. Ne4 {[%clk 0:28:26]} Rxc1
{[%clk 0:18:15]} 29. Rxc1 {[%clk 0:28:51]} Rc8 {[%clk 0:18:31]} 30. Rxc8
{[%clk 0:27:25]} Bxc8 {[%clk 0:18:58]} 31. Nd6 {[%clk 0:25:17]} Ba6
{[%clk 0:14:32]} 32. Kf2 {[%clk 0:19:24]} Kf6 {[%clk 0:13:14]} 33. Ne4+
{[%clk 0:18:42]} Ke5 {[%clk 0:12:11]} 34. Ng5 {[%clk 0:18:58]} Bxe2
{[%clk 0:10:50]} 35. Kxe2 {[%clk 0:19:18]} f6 {[%clk 0:10:52]} 36. Nxh7
{[%clk 0:13:48]} Nd7 {[%clk 0:11:16]} 37. g4 {[%clk 0:09:23]} Kxd5
{[%clk 0:11:41]} 38. g5 {[%clk 0:09:47]} f5 {[%clk 0:12:05]} 39. Ke3
{[%clk 0:06:59]} Ke6 {[%clk 0:06:14]} 40. Kd4 {[%clk 0:36:02]} Ne5
{[%clk 0:34:24]} 41. Nf8+ {[%clk 0:33:13]} Kd6 {[%clk 0:34:48]} 42. Ke3
{[%clk 0:27:23]} Ke7 {[%clk 0:33:56]} 43. Kf4 {[%clk 0:27:22]} Nd3+
{[%clk 0:34:18]} 44. Ke3 {[%clk 0:27:45]} Ne5 {[%clk 0:34:43]} 45. Kf4
{[%clk 0:28:05]} Nd3+ {[%clk 0:35:09]} 46. Ke3 {[%clk 0:28:30]} Ne5
{[%clk 0:35:35]} 47. Kf4 1/2-1/2

[Event "World Chess Olympiad 2018"]
[Site "Batumi"]
[Date "2018.09.30"]
[Round "6"]
[Board "1"]
[WhiteFideId "9000240"]
[White "Tissir Mohamed"]
[BlackFideId "11300507"]
[Black "Oatlhotse Providence"]
[Result "1-0"]
[LiveChessVersion "1.4.8"]
[BlackElo "2206"]
[WhiteElo "2388"]

1. e4 {[%clk 1:30:57]} c5 {[%clk 1:29:59]} 2. Nf3 {[%clk 1:31:06]} g6
{[%clk 1:30:24]} 3. Nc3 {[%clk 1:27:44]} Bg7 {[%clk 1:30:42]} 4. d4
{[%clk 1:27:59]} cxd4 {[%clk 1:30:58]} 5. Nxd4 {[%clk 1:28:26]} Nc6
{[%clk 1:30:55]} 6. Be3 {[%clk 1:28:47]} d6 {[%clk 1:28:39]} 7. Bc4
{[%clk 1:27:35]} Nf6 {[%clk 1:28:53]} 8. h3 {[%clk 1:27:57]} O-O {[%clk 1:29:06]}
9. Bb3 {[%clk 1:27:22]} Na5 {[%clk 1:20:52]} 10. O-O {[%clk 1:26:35]} b6
{[%clk 1:20:57]} 11. Re1 {[%clk 1:24:43]} Bb7 {[%clk 1:18:35]} 12. Bg5
{[%clk 1:25:01]} h6 {[%clk 1:17:17]} 13. Bh4 {[%clk 1:25:19]} Nxb3
{[%clk 1:12:57]} 14. axb3 {[%clk 1:22:52]} a6 {[%clk 1:12:33]} 15. Nd5
{[%clk 1:13:37]} e6 {[%clk 0:52:45]} 16. Bxf6 {[%clk 1:02:35]} Bxf6
{[%clk 0:52:59]} 17. Nxf6+ {[%clk 1:02:59]} Qxf6 {[%clk 0:53:27]} 18. Qd2
{[%clk 1:03:24]} Rfd8 {[%clk 0:51:59]} 19. Rad1 {[%clk 1:02:34]} Qg5
{[%clk 0:41:51]} 20. Re3 {[%clk 0:51:48]} Rac8 {[%clk 0:34:47]} 21. c3
{[%clk 0:47:16]} b5 {[%clk 0:29:52]} 22. Qe2 {[%clk 0:40:41]} d5 {[%clk 0:22:16]}
23. e5 {[%clk 0:35:58]} b4 {[%clk 0:19:58]} 24. cxb4 {[%clk 0:33:07]} Rd7
{[%clk 0:17:29]} 25. Rg3 {[%clk 0:29:35]} Qh4 {[%clk 0:13:57]} 26. Qd2
{[%clk 0:28:22]} Rdc7 {[%clk 0:11:35]} 27. Rg4 {[%clk 0:18:02]} Qh5
{[%clk 0:10:39]} 28. Re1 {[%clk 0:07:39]} Bc6 {[%clk 0:10:27]} 29. Nf3
{[%clk 0:07:21]} Be8 {[%clk 0:00:35]} 30. Rh4 {[%clk 0:04:14]} Rc2
{[%clk 0:01:04]} 31. Qe3 {[%clk 0:03:39]} d4 {[%clk 0:01:33]} 32. Rxd4
{[%clk 0:03:09]} g5 {[%clk 0:01:18]} 33. Rd2 {[%clk 0:00:39]} Qg6
{[%clk 0:01:12]} 34. Nd4 {[%clk 0:00:43]} Rc1 {[%clk 0:01:13]} 35. Rdd1
{[%clk 0:00:59]} R1c7 {[%clk 0:01:27]} 36. f3 {[%clk 0:00:45]} Kg7
{[%clk 0:01:22]} 37. Re2 {[%clk 0:00:43]} Rb8 {[%clk 0:01:13]} 38. Qd2
{[%clk 0:00:34]} Rcb7 {[%clk 0:01:23]} 39. Re4 {[%clk 0:00:41]} Kg8
{[%clk 0:01:13]} 40. Nc2 {[%clk 0:30:39]} Bc6 {[%clk 0:30:51]} 41. Rd4
{[%clk 0:29:04]} Bd5 {[%clk 0:29:24]} 42. Ne3 {[%clk 0:26:53]} Bxb3
{[%clk 0:28:14]} 43. Ra1 {[%clk 0:23:02]} Rb5 {[%clk 0:23:25]} 44. Ra3
{[%clk 0:19:20]} Ba2 {[%clk 0:13:17]} 45. Kh2 Bb1 {[%clk 0:12:32]} 46. Rxa6
{[%clk 0:13:25]} Rxe5 {[%clk 0:08:48]} 47. Ra7 {[%clk 0:00:51]} Reb5
{[%clk 0:04:32]} 48. Rd8+ {[%clk 0:01:04]} Kh7 {[%clk 0:01:54]} 49. Rdd7
{[%clk 0:01:23]} Rf8 {[%clk 0:02:04]} 50. Qd6 {[%clk 0:01:35]} Kg7
{[%clk 0:01:03]} 51. Qc6 {[%clk 0:00:44]} Rbb8 {[%clk 0:00:36]} 52. Ng4
{[%clk 0:00:33]} Qf5 {[%clk 0:00:38]} 53. Qc3+ {[%clk 0:00:42]} Kh7
{[%clk 0:00:38]} 54. Ne5 {[%clk 0:00:56]} Rbc8 {[%clk 0:00:35]} 55. Rxf7+
{[%clk 0:00:44]} Rxf7 {[%clk 0:01:04]} 56. Rxf7+ {[%clk 0:01:02]} Qxf7
{[%clk 0:01:32]} 57. Nxf7 {[%clk 0:01:25]} Rxc3 {[%clk 0:01:59]} 58. bxc3
{[%clk 0:01:44]} Kg7 {[%clk 0:01:44]} 59. b5 {[%clk 0:00:38]} Ba2
{[%clk 0:01:22]} 60. b6 {[%clk 0:00:45]} Bd5 {[%clk 0:01:50]} 61. Nd6
{[%clk 0:00:52]} Kf6 {[%clk 0:01:53]} 62. b7 {[%clk 0:01:11]} Bxb7
{[%clk 0:02:18]} 63. Nxb7 {[%clk 0:01:36]} Ke5 {[%clk 0:02:44]} 64. Kg3
{[%clk 0:01:55]} Kd5 {[%clk 0:02:58]} 65. Nd8 {[%clk 0:02:10]} e5
{[%clk 0:03:10]} 66. Kg4 {[%clk 0:02:32]} Kc4 {[%clk 0:03:35]} 67. Nf7
{[%clk 0:02:54]} Kxc3 {[%clk 0:04:01]} 68. Nxe5 {[%clk 0:03:16]} 1-0